Statistics for The main languages of Australia

Click here to take the quiz!

General Stats

  • This quiz has been taken 40 times
  • The average score is 20 of 30

Answer Stats

# SpeakersLanguage% Correct
17 mEnglish
100%
140 kSpanish
95%
70 kFrench
89%
55 kJapanese
87%
159 kHindi
84%
271 kItalian
84%
596 kMandarin
84%
321 kArabic
82%
67 kIndonesian
82%
108 kKorean
82%
182 kFilipino/Tagalog
79%
79 kGerman
79%
237 kGreek
76%
54 kBengali
71%
58 kTurkish
71%
111 kPersian/Dari/Hazaraghi
68%
55 kThai
68%
277 kVietnamese
68%
69 kUrdu
66%
280 kCantonese
63%
73 kTamil
63%
132 kPunjabi
61%
53 kSerbian
53%
52 kGujarati
47%
56 kCroatian
39%
53 kMalayalam
34%
62 kNepali
34%
66 kMacedonian
29%
64 kSinhalese
29%
64 kIndigenous languages
24%

Score Distribution

Percentile by Number Answered

Percent of People with Each Score

Your Score History

You have not taken this quiz